Paḷaṅkālak kataikaḷ. (Record no. 64987)

MARC details
000 -LEADER
fixed length control field 00549cam a22002171 4500
001 - CONTROL NUMBER
control field sa 65007001
003 - CONTROL NUMBER IDENTIFIER
control field DLC
005 - DATE AND TIME OF LATEST TRANSACTION
control field 20260227112146.0
008 - FIXED-LENGTH DATA ELEMENTS--GENERAL INFORMATION
fixed length control field 890601s1964 ii 000 1 tamo
010 ## - LIBRARY OF CONGRESS CONTROL NUMBER
LC control number sa 65007001
035 ## - SYSTEM CONTROL NUMBER
System control number (OCoLC)19795906
040 ## - CATALOGING SOURCE
Original cataloging agency DLC
Transcribing agency WaU
Modifying agency DLC
050 00 - LIBRARY OF CONGRESS CALL NUMBER
Classification number GR305
Item number .G55
100 1# - MAIN ENTRY--PERSONAL NAME
Personal name Kōvintan̲, Vai.,
Dates associated with a name 1912-1966.
245 10 - TITLE STATEMENT
Title Paḷaṅkālak kataikaḷ.
260 ## - PUBLICATION, DISTRIBUTION, ETC.
Date of publication, distribution, etc. [1964]
300 ## - PHYSICAL DESCRIPTION
Extent 4 v. in 1
Dimensions 19 cm.
500 ## - GENERAL NOTE
General note In Tamil.
650 #0 - SUBJECT ADDED ENTRY--TOPICAL TERM
Topical term or geographic name entry element Tamil (Indic people)
General subdivision Folklore.
650 #0 - SUBJECT ADDED ENTRY--TOPICAL TERM
Topical term or geographic name entry element Tales
Geographic subdivision India.

No items available.

Powered by Koha